| 000 | 00677nam a2200205 i 4500 | ||
|---|---|---|---|
| 001 | 37907 | ||
| 003 | ES-MaACL | ||
| 005 | 20250717081027.0 | ||
| 007 | t| | ||
| 008 | 030224s1960 sp ||||1| spa d | ||
| 100 | 1 |
_aCaicedo Varon, Gustavo. _933455 |
|
| 245 | 1 | 3 |
_aEl aborto de las endocrinopatias extragonadales / _cpor Gustavo Caycedo Varon. |
| 260 |
_aMadrid : _b[s.n., _c1960] |
||
| 300 |
_a90 f. ; _c31 cm. |
||
| 500 | _aPrecede al tít.: Universidad Central de Madrid. Facultad de Medicina. | ||
| 502 | _aTesis doctoral. | ||
| 710 | 2 |
_aUniversidad Central (Madrid). _bFacultad de Medicina _97093 |
|
| 852 |
_aES-MaACL _jC-19424 _bR.46386 |
||
| 999 |
_c37907 _d37907 |
||